[Event "Medellin U2000 op"]
[Site "Medellin"]
[Date "2019.10.??"]
[Round "4.1"]
[White "Carvajal Montoya, Juan Camilo"]
[Black "Reyes Rios, Juan Camilo"]
[Result "0-1"]
[WhiteElo "1953"]
[BlackElo "1775"]
[PlyCount "74"]
[EventDate "2019.10.19"]
[EventType "swiss"]
[EventRounds "7"]
[EventCountry "COL"]
[SourceTitle "EXT 2024"]
[Source "ChessBase"]
[SourceDate "2023.10.10"]
[SourceVersion "1"]
[SourceVersionDate "2023.10.10"]
[SourceQuality "1"]

1. e4 c5 2. Nf3 d6 3. Bb5+ Bd7 4. Bxd7+ Qxd7 5. 0-0 Nc6 6. c3 Nf6 7. d4 Nxe4 8. d5 Nb8 9. Re1 Nf6 10. Bg5 Na6 11. c4 0-0-0 12. Nc3 h6 13. Bh4 g5 14. Bg3 Bg7 15. Nb5 Kb8 16. Rb1 g4 17. Nh4 Nh5 18. a3 Nxg3 19. hxg3 Bf6 20. b4 Rc8 21. Re4 Rhg8 22. Nxa7 Kxa7 23. b5 Ra8 24. bxa6 bxa6 25. Qd2 h5 26. Qf4 Rg5 27. a4 Rb8 28. Rbe1 a5 29. Qd2 Rb4 30. Qc2 Be5 31. f4 gxf3 32. Nxf3 Qf5 33. Nxg5 Qxg5 34. Qf2 f6 35. Qf3 Ka6 36. Rh4 Qxg3 37. Rxe5 Rb1+ 0-1

[Event "Medellin Conconcreto op"]
[Site "Medellin"]
[Date "2018.01.28"]
[Round "7"]
[White "Reyes Rios, Juan Camilo"]
[Black "Caicedo, Carlos Andres"]
[Result "1-0"]
[WhiteElo "2139"]
[BlackElo "1980"]
[PlyCount "61"]
[EventDate "2018.01.24"]
[EventType "swiss"]
[EventRounds "7"]
[EventCountry "COL"]
[SourceTitle "CBM 182 Extra"]
[Source "ChessBase"]
[SourceDate "2018.02.23"]
[SourceVersion "1"]
[SourceVersionDate "2018.02.23"]
[SourceQuality "1"]

1. e4 e5 2. Nc3 c6 3. f4 Bb4 4. Nf3 exf4 5. d4 Nf6 6. Bd3 d5 7. e5 Ne4 8. Bd2 Nxd2 9. Qxd2 g5 10. h4 g4 11. Ng5 Be6 12. Qxf4 Qe7 13. Bxh7 Nd7 14. Bf5 0-0-0 15. Bxe6 fxe6 16. Qxg4 Rdg8 17. Rh3 Nb6 18. 0-0-0 Nc4 19. Ne2 Qc7 20. Rb3 Qa5 21. c3 Qxa2 22. Qxe6+ Kb8 23. Rxb4 Qa1+ 24. Kc2 Ne3+ 25. Kd2 Qxd1+ 26. Kxe3 a5 27. Qd6+ Ka8 28. Rb6 Qa4 29. Qe7 Rb8 30. Ne6 Rhe8 31. Nc7+ 1-0

[Event "Medellin Conconcreto op"]
[Site "Medellin"]
[Date "2018.01.27"]
[Round "5"]
[White "Reyes Rios, Juan Camilo"]
[Black "Vargas Arteaga, Alexis"]
[Result "0-1"]
[WhiteElo "2139"]
[BlackElo "2231"]
[PlyCount "58"]
[EventDate "2018.01.24"]
[EventType "swiss"]
[EventRounds "7"]
[EventCountry "COL"]
[SourceTitle "CBM 182 Extra"]
[Source "ChessBase"]
[SourceDate "2018.02.23"]
[SourceVersion "1"]
[SourceVersionDate "2018.02.23"]
[SourceQuality "1"]

1. e4 d6 2. d4 Nf6 3. Nc3 g6 4. g3 Bg7 5. Bg2 0-0 6. Nge2 Nc6 7. 0-0 e5 8. dxe5 Nxe5 9. h3 Re8 10. Nf4 c6 11. a4 a5 12. Rb1 Qc7 13. b3 Ned7 14. Ba3 Nc5 15. Re1 b6 16. Qd2 Bb7 17. Rbd1 Rad8 18. g4 Bh6 19. Bc1 d5 20. exd5 Rxe1+ 21. Rxe1 Ne6 22. Nce2 Nxd5 23. Bxd5 cxd5 24. h4 d4 25. f3 d3 26. cxd3 Bxf4 27. Nxf4 Nd4 28. Rf1 Rc8 29. Bb2 Qxf4 0-1

[Event "Medellin Conconcreto op"]
[Site "Medellin"]
[Date "2018.01.26"]
[Round "3"]
[White "Lopez Gaviria, Alvaro Diego"]
[Black "Reyes Rios, Juan Camilo"]
[Result "0-1"]
[WhiteElo "1973"]
[BlackElo "2139"]
[PlyCount "64"]
[EventDate "2018.01.24"]
[EventType "swiss"]
[EventRounds "7"]
[EventCountry "COL"]
[SourceTitle "CBM 182 Extra"]
[Source "ChessBase"]
[SourceDate "2018.02.23"]
[SourceVersion "1"]
[SourceVersionDate "2018.02.23"]
[SourceQuality "1"]

1. Nf3 Nf6 2. b3 g6 3. Bb2 Bg7 4. g3 0-0 5. Bg2 d6 6. d4 c6 7. Nbd2 Nbd7 8. 0-0 Qc7 9. e4 e5 10. dxe5 Nxe5 11. Nxe5 dxe5 12. Qe2 Rd8 13. Nc4 Ne8 14. a4 Be6 15. Rfd1 f6 16. Ba3 Bh6 17. h4 Rac8 18. Ne3 Qf7 19. Bf3 Bg7 20. h5 f5 21. hxg6 hxg6 22. Kg2 Nf6 23. exf5 gxf5 24. Rxd8+ Rxd8 25. Rd1 Re8 26. Qd2 f4 27. gxf4 exf4 28. Nf1 Qg6+ 29. Kh1 Ne4 30. Bxe4 Qxe4+ 31. f3 Qxf3+ 32. Kg1 Bd5 0-1

[Event "Medellin Easter op 7th"]
[Site "Medellin"]
[Date "2017.04.14"]
[Round "4"]
[White "Garces Trujillo, Luis Javier"]
[Black "Reyes Rios, Juan Camilo"]
[Result "0-1"]
[WhiteElo "1930"]
[BlackElo "2108"]
[PlyCount "74"]
[EventDate "2017.04.12"]
[EventType "swiss"]
[EventRounds "8"]
[EventCountry "COL"]
[SourceTitle "CBM 177 Extra"]
[Source "ChessBase"]
[SourceDate "2017.04.27"]
[SourceVersion "1"]
[SourceVersionDate "2017.04.27"]
[SourceQuality "1"]

1. e4 c5 2. Nf3 d6 3. d4 cxd4 4. Nxd4 Nf6 5. Nc3 a6 6. Be2 e5 7. Nf3 Be7 8. 0-0 0-0 9. Bg5 Nbd7 10. Nd2 b5 11. Bxf6 Nxf6 12. a4 b4 13. Nd5 Nxd5 14. exd5 Bb7 15. Nc4 Rc8 16. a5 Rc5 17. Nb6 Qc7 18. Ra4 Rxc2 19. Rxb4 Rc5 20. Ra4 Bg5 21. Qb3 Bd2 22. Rfa1 Rb8 23. h3 g6 24. Qd1 Bxa5 25. Rxa5 Rxa5 26. Rxa5 Qxb6 27. Qa1 Qd4 28. Qa3 Rc8 29. Ra4 Rc1+ 30. Kh2 Qxf2 31. Bf3 Qg1+ 32. Kg3 Rc5 33. Qb4 Bxd5 34. Qb8+ Kg7 35. Qxd6 Bxf3 36. Kxf3 Rb5 37. Rxa6 Rb3+ 0-1

[Event "Medellin Easter op 7th"]
[Site "Medellin"]
[Date "2017.04.12"]
[Round "1"]
[White "Reyes Rios, Juan Camilo"]
[Black "Ramos Arboleda, Dellys Carolina"]
[Result "1-0"]
[WhiteElo "2108"]
[BlackElo "1603"]
[PlyCount "55"]
[EventDate "2017.04.12"]
[EventType "swiss"]
[EventRounds "8"]
[EventCountry "COL"]
[SourceTitle "CBM 177 Extra"]
[Source "ChessBase"]
[SourceDate "2017.04.27"]
[SourceVersion "1"]
[SourceVersionDate "2017.04.27"]
[SourceQuality "1"]

1. e4 c5 2. Nf3 d6 3. d4 cxd4 4. c3 d3 5. Bxd3 Nf6 6. Bc4 Nc6 7. 0-0 e6 8. Qe2 Be7 9. Rd1 Qc7 10. Bf4 0-0 11. Nbd2 Bd7 12. Bb3 Rac8 13. Nc4 e5 14. Bg5 Be6 15. Bxf6 Bxc4 16. Qxc4 Bxf6 17. Qd5 Rcd8 18. Rd3 a6 19. Rad1 b5 20. R3d2 Ne7 21. Qd3 Rfe8 22. Ne1 Qc5 23. Qf3 Rd7 24. Nd3 Qb6 25. Nxe5 dxe5 26. Rxd7 a5 27. R1d6 Qc5 28. Rxe7 1-0

[Event "COL pre olympic sf1"]
[Site "Medellin"]
[Date "2016.03.24"]
[Round "5"]
[White "Reyes Rios, Juan Camilo"]
[Black "Morales, Jhon Alexander"]
[Result "0-1"]
[WhiteElo "2090"]
[BlackElo "2350"]
[PlyCount "74"]
[EventDate "2016.03.22"]
[EventType "swiss"]
[EventRounds "9"]
[EventCountry "COL"]
[SourceTitle "CBM 171 Extra"]
[Source "ChessBase"]
[SourceDate "2016.04.26"]
[SourceVersion "1"]
[SourceVersionDate "2016.04.26"]
[SourceQuality "1"]

1. e4 c5 2. Nf3 Nc6 3. d4 cxd4 4. Nxd4 Qb6 5. Nb3 Nf6 6. Nc3 e6 7. Bd3 a6 8. Be3 Qc7 9. f4 d6 10. a4 b6 11. 0-0 Be7 12. Qf3 Rb8 13. Rae1 0-0 14. Qg3 Bb7 15. Kh1 Nb4 16. e5 Nh5 17. Qh3 Nxd3 18. cxd3 g6 19. Bd4 Rfe8 20. Ne4 Bxe4 21. dxe4 dxe5 22. Bxe5 Bd6 23. Rc1 Qe7 24. Nd4 Rbc8 25. Nc6 Qb7 26. Bxd6 Rxc6 27. Rcd1 Rc4 28. f5 Qxe4 29. fxg6 hxg6 30. Rde1 Qd5 31. b3 Rd4 32. Be5 Rd2 33. Qg4 Rc8 34. Qe4 Qxe4 35. Rxe4 f5 36. Rb4 Re2 37. Bd6 Rc6 0-1

[Event "COL pre olympic sf1"]
[Site "Medellin"]
[Date "2016.03.23"]
[Round "3"]
[White "Reyes Rios, Juan Camilo"]
[Black "Rios Parra, Mauricio Flores"]
[Result "0-1"]
[WhiteElo "2090"]
[BlackElo "2322"]
[PlyCount "66"]
[EventDate "2016.03.22"]
[EventType "swiss"]
[EventRounds "9"]
[EventCountry "COL"]
[SourceTitle "CBM 171 Extra"]
[Source "ChessBase"]
[SourceDate "2016.04.26"]
[SourceVersion "1"]
[SourceVersionDate "2016.04.26"]
[SourceQuality "1"]

1. e4 c5 2. Nf3 d6 3. d4 cxd4 4. Nxd4 Nf6 5. Nc3 a6 6. Bc4 e6 7. Bb3 b5 8. Bg5 Nbd7 9. Qf3 Bb7 10. 0-0-0 h6 11. Qh3 Rh7 12. Be3 b4 13. Na4 Be7 14. f3 Qc7 15. Kb1 g6 16. Rhe1 e5 17. Ne2 Bc6 18. c3 a5 19. Rc1 Qb7 20. Qg3 Kf8 21. Qf2 Kg7 22. g4 d5 23. exd5 Nxd5 24. f4 N7f6 25. Bxd5 Bxd5 26. h3 Bxa2+ 27. Kxa2 b3+ 28. Ka1 Qc6 29. Nb6 Rb8 30. c4 Rxb6 31. Nc3 Ne4 32. Bxb6 Nxf2 33. Bxf2 Bb4 0-1

[Event "COL pre olympic sf1"]
[Site "Medellin"]
[Date "2016.03.22"]
[Round "1"]
[White "Reyes Rios, Juan Camilo"]
[Black "Mosquera Klinger, Miguel Alonso"]
[Result "0-1"]
[WhiteElo "2090"]
[BlackElo "2386"]
[PlyCount "46"]
[EventDate "2016.03.22"]
[EventType "swiss"]
[EventRounds "9"]
[EventCountry "COL"]
[SourceTitle "CBM 171 Extra"]
[Source "ChessBase"]
[SourceDate "2016.04.26"]
[SourceVersion "1"]
[SourceVersionDate "2016.04.26"]
[SourceQuality "1"]

1. e4 d5 2. Nc3 dxe4 3. Nxe4 Nc6 4. Nf3 Bf5 5. Ng3 Bg6 6. d4 Nb4 7. Bb5+ c6 8. Ba4 Qa5 9. c3 Nd3+ 10. Kf1 Nf6 11. Bc2 Qa6 12. Kg1 e6 13. Nh4 Nxc1 14. Nxg6 hxg6 15. Qxc1 0-0-0 16. Qe3 c5 17. dxc5 Qc4 18. Ne4 Nxe4 19. Bxe4 Bxc5 20. Qf3 Rd2 21. Rf1 Rhd8 22. Bxb7+ Kb8 23. h4 Qxf1+ 0-1

[Event "Bogota University op 9th"]
[Site "Bogota"]
[Date "2015.10.10"]
[Round "5"]
[White "Gomez Viana, Duvan Leandro"]
[Black "Reyes Rios, Juan Camilo"]
[Result "0-1"]
[WhiteElo "1901"]
[BlackElo "2088"]
[PlyCount "42"]
[EventDate "2015.10.08"]
[EventType "swiss"]
[EventRounds "9"]
[EventCountry "COL"]
[SourceTitle "CBM 168 Extra"]
[Source "ChessBase"]
[SourceDate "2015.10.29"]
[SourceVersion "1"]
[SourceVersionDate "2015.10.29"]
[SourceQuality "1"]

1. e4 e5 2. Nf3 d6 3. c3 Nf6 4. Be2 g6 5. 0-0 Bg7 6. d3 0-0 7. a4 Nc6 8. h3 b6 9. Be3 Bb7 10. Qd2 Re8 11. Ng5 d5 12. exd5 Nxd5 13. Na3 Z0 14. Nf3 Nxe3 15. Qxe3 Ne7 16. Qg5 h6 17. Qh4 Qd7 18. Nd2 Rad8 19. Ndc4 Nf5 20. Qg4 h5 21. Qg5 Qd5 0-1

[Event "Bogota University op 9th"]
[Site "Bogota"]
[Date "2015.10.10"]
[Round "6"]
[White "Reyes Rios, Juan Camilo"]
[Black "Vittorino, Carlo Giovanni"]
[Result "0-1"]
[WhiteElo "2088"]
[BlackElo "2275"]
[PlyCount "108"]
[EventDate "2015.10.08"]
[EventType "swiss"]
[EventRounds "9"]
[EventCountry "COL"]
[SourceTitle "CBM 168 Extra"]
[Source "ChessBase"]
[SourceDate "2015.10.29"]
[SourceVersion "1"]
[SourceVersionDate "2015.10.29"]
[SourceQuality "1"]

1. e4 c5 2. Nf3 a6 3. c4 e6 4. Nc3 b6 5. d4 cxd4 6. Nxd4 Bb7 7. Be2 Nf6 8. e5 Ne4 9. Nxe4 Bxe4 10. 0-0 Nc6 11. Bf3 Bxf3 12. Nxf3 Qc7 13. Qe2 Be7 14. Bf4 g5 15. Nxg5 Bxg5 16. Bxg5 Rg8 17. Bf6 Nd4 18. Qd3 Qc6 19. f3 Nf5 20. b4 d5 21. cxd5 Qxd5 22. Qxd5 exd5 23. Rac1 Ne3 24. Rf2 Kd7 25. Re2 Nc4 26. Rd1 Kc6 27. a4 Rg6 28. Kf2 b5 29. a5 Ra7 30. g4 Rd7 31. Rd4 Rg8 32. g5 Rc7 33. f4 Kd7 34. f5 Kc6 35. h4 Rd7 36. e6 fxe6 37. Rxe6+ Rd6 38. Re7 Rd7 39. Rxd7 Kxd7 40. Rxd5+ Kc6 41. Rd8 Rxd8 42. Bxd8 Kd7 43. Bf6 Nd6 44. g6 Ne4+ 45. Ke3 Nxf6 46. Kf4 h6 47. Ke5 Ke7 48. g7 h5 49. g8Q Nxg8 50. Kd5 Nh6 51. Kc6 Nxf5 52. Kb6 Kd8 53. Kxa6 Kc8 54. Ka7 Ne7 0-1

[Event "COL-ch Universities"]
[Site "Bogota"]
[Date "2015.10.05"]
[Round "1"]
[White "Reyes Rios, Juan Camilo"]
[Black "Valencia, David Fernando"]
[Result "1-0"]
[WhiteElo "2088"]
[BlackElo "1831"]
[PlyCount "79"]
[EventDate "2015.10.05"]
[EventType "swiss"]
[EventRounds "6"]
[EventCountry "COL"]
[SourceTitle "CBM 168 Extra"]
[Source "ChessBase"]
[SourceDate "2015.10.29"]
[SourceVersion "1"]
[SourceVersionDate "2015.10.29"]
[SourceQuality "1"]

1. e4 c5 2. Nf3 Nc6 3. d4 cxd4 4. Nxd4 g6 5. c4 Bg7 6. Be3 Qb6 7. Nb5 Qa5+ 8. N1c3 a6 9. Nd4 Nf6 10. Nb3 Qd8 11. Be2 0-0 12. 0-0 d6 13. Rc1 Be6 14. f3 Ne5 15. Nd5 Bxd5 16. cxd5 Rc8 17. Qd2 Qd7 18. Bd4 Rxc1 19. Rxc1 Rc8 20. Rxc8+ Qxc8 21. Qc3 Qxc3 22. bxc3 Ned7 23. Na5 b5 24. Nc6 Kf8 25. Nb4 a5 26. Nc6 b4 27. cxb4 axb4 28. Nxb4 Nc5 29. Bb5 Bh6 30. a4 Bd2 31. Nc6 Nfd7 32. a5 Nb3 33. Bf2 Nbc5 34. a6 Nb6 35. Nd8 Nc8 36. Nc6 Nb6 37. a7 e6 38. Nb8 exd5 39. Bxc5 dxc5 40. Nd7+ 1-0

[Event "Medellin Flores op 22nd"]
[Site "Medellin"]
[Date "2015.08.08"]
[Round "6"]
[White "Reyes Rios, Juan Camilo"]
[Black "Dominguez, Ramiro"]
[Result "1-0"]
[WhiteElo "2059"]
[BlackElo "2186"]
[PlyCount "127"]
[EventDate "2015.08.05"]
[EventType "swiss"]
[EventRounds "9"]
[EventCountry "COL"]
[SourceTitle "EXT 2016"]
[Source "ChessBase"]
[SourceDate "2015.10.08"]
[SourceVersion "1"]
[SourceVersionDate "2015.10.08"]
[SourceQuality "1"]

1. e4 e5 2. Nc3 Nc6 3. f4 Bc5 4. Nf3 d6 5. Bb5 Nf6 6. Qe2 0-0 7. Bxc6 bxc6 8. fxe5 dxe5 9. d3 Re8 10. Be3 Bd4 11. 0-0 Ba6 12. Bxd4 exd4 13. Nb1 Nxe4 14. Qd1 Nf6 15. Ng5 Qd5 16. Nh3 Bc8 17. Nf4 Qd6 18. Nd2 Bg4 19. Qc1 Nd5 20. Ne4 Qe5 21. Nxd5 cxd5 22. Nf2 Bd7 23. Re1 Qd6 24. Qd2 c5 25. Rxe8+ Rxe8 26. Re1 Rxe1+ 27. Qxe1 g6 28. h3 h5 29. Qe2 Be6 30. b3 Qf4 31. Qe1 g5 32. Nh1 g4 33. h4 Kg7 34. Ng3 Kg6 35. Qf2 Qe3 36. Ne2 f5 37. Nf4+ Kf6 38. Nxh5+ Ke5 39. g3 c4 40. Nf4 Bf7 41. Ng2 Qc1+ 42. Kh2 a5 43. Qf4+ Qxf4 44. Nxf4 Kf6 45. a3 Ke5 46. Kg2 Be8 47. Kf2 cxb3 48. cxb3 Bc6 49. Ke2 Kf6 50. Kd2 Ke5 51. b4 axb4 52. axb4 Bd7 53. h5 Bc6 54. h6 Kf6 55. Ne6 Kg6 56. Nxd4 Bd7 57. b5 f4 58. b6 Bc8 59. gxf4 Kxh6 60. Ke2 Kh5 61. Kf2 Kh4 62. Nf5+ Kh3 63. Kg1 Ba6 64. Nd6 1-0

[Event "Medellin Flores op 22nd"]
[Site "Medellin"]
[Date "2015.08.06"]
[Round "2"]
[White "Reyes Rios, Juan Camilo"]
[Black "Escobar Medina, Andres F"]
[Result "0-1"]
[WhiteElo "2059"]
[BlackElo "2195"]
[PlyCount "78"]
[EventDate "2015.08.05"]
[EventType "swiss"]
[EventRounds "9"]
[EventCountry "COL"]
[SourceTitle "EXT 2016"]
[Source "ChessBase"]
[SourceDate "2015.10.08"]
[SourceVersion "1"]
[SourceVersionDate "2015.10.08"]
[SourceQuality "1"]

1. e4 g6 2. d4 Bg7 3. Nc3 d6 4. g3 Nc6 5. Be3 Nf6 6. h3 0-0 7. Bg2 e5 8. Nge2 exd4 9. Nxd4 Re8 10. 0-0 Ne5 11. Re1 c6 12. a4 Nc4 13. Bc1 Qa5 14. Nb3 Qc7 15. a5 Be6 16. a6 b5 17. Nd4 b4 18. Nxe6 Rxe6 19. Ne2 Rae8 20. Nd4 R6e7 21. Qd3 d5 22. Bf4 Qb6 23. e5 Nxb2 24. Qd2 Nc4 25. exf6 Bxf6 26. Rxe7 Rxe7 27. Qd3 Qxd4 28. Rb1 Qb6 29. h4 Bc3 30. Bh6 Re8 31. Bh3 Qxa6 32. Bd7 Rd8 33. Qe2 Qb7 34. Bh3 a5 35. Qf3 Qe7 36. Rd1 a4 37. Bg5 f6 38. Bh6 a3 39. h5 g5 0-1

[Event "Medellin Castro Memorial"]
[Site "Medellin"]
[Date "2015.05.02"]
[Round "5"]
[White "Alvarez Estrada, Jairo"]
[Black "Reyes Rios, Juan Camilo"]
[Result "0-1"]
[WhiteElo "1812"]
[BlackElo "2036"]
[PlyCount "98"]
[EventDate "2015.04.30"]
[EventType "swiss"]
[EventRounds "7"]
[EventCountry "COL"]
[SourceTitle "CBM 166 Extra"]
[Source "ChessBase"]
[SourceDate "2015.06.18"]
[SourceVersion "1"]
[SourceVersionDate "2015.06.18"]
[SourceQuality "1"]

1. c4 c5 2. Nc3 Nc6 3. g3 Nf6 4. Bg2 g6 5. d3 Bg7 6. e3 0-0 7. Nge2 Rb8 8. 0-0 a6 9. a4 Nb4 10. Nd5 Nfxd5 11. cxd5 d6 12. a5 b5 13. axb6 Qxb6 14. Ra3 Bd7 15. h4 a5 16. Nf4 Bb5 17. Re1 Rfc8 18. Bf1 c4 19. d4 Ra8 20. Bd2 Qb7 21. Bc3 Qb6 22. Qd2 Ba6 23. Rea1 Bb7 24. Bg2 Bh6 25. e4 Rcb8 26. Bf1 Rc8 27. Bxb4 axb4 28. Rxa8 Bxa8 29. Bxc4 Rxc4 30. Rxa8+ Kg7 31. Qe3 Qxd4 32. Qxd4+ Rxd4 33. f3 Bxf4 34. gxf4 Rd2 35. Ra7 Kf6 36. e5+ dxe5 37. fxe5+ Kxe5 38. Rxe7+ Kf6 39. Rb7 Rxb2 40. d6 b3 41. d7 Ke7 42. Kh1 Rd2 43. Rxb3 Rd4 44. Kg2 Rxh4 45. Rd3 Kd8 46. Rd6 Rh5 47. f4 Rc5 48. Kg3 Rc7 49. Rd3 Rxd7 0-1

[Event "Medellin Castro Memorial"]
[Site "Medellin"]
[Date "2015.05.01"]
[Round "2"]
[White "Reyes Rios, Juan Camilo"]
[Black "Gallego Alcaraz, Andres Felipe"]
[Result "1/2-1/2"]
[WhiteElo "2036"]
[BlackElo "2430"]
[PlyCount "33"]
[EventDate "2015.04.30"]
[EventType "swiss"]
[EventRounds "7"]
[EventCountry "COL"]
[SourceTitle "CBM 166 Extra"]
[Source "ChessBase"]
[SourceDate "2015.06.18"]
[SourceVersion "1"]
[SourceVersionDate "2015.06.18"]
[SourceQuality "1"]

1. e4 c5 2. Nf3 Nc6 3. d4 cxd4 4. Nxd4 e5 5. Nxc6 bxc6 6. Bd3 Nf6 7. 0-0 Be7 8. Nc3 d6 9. Kh1 0-0 10. f4 exf4 11. Bxf4 Be6 12. Qf3 Ng4 13. Ne2 Ne5 14. Bxe5 dxe5 15. Ng3 g6 16. Rad1 Qa5 17. b3 1/2-1/2

[Event "Bogota Students-ch 22th"]
[Site "Bogota"]
[Date "2013.11.05"]
[Round "5"]
[White "Arenas Vanegas, David"]
[Black "Reyes Rios, Juan Camilo"]
[Result "1-0"]
[WhiteElo "2446"]
[BlackElo "2015"]
[PlyCount "137"]
[EventDate "2013.11.03"]
[EventType "swiss"]
[EventRounds "6"]
[EventCountry "COL"]
[SourceTitle "EXT 2014"]
[Source "ChessBase"]
[SourceDate "2013.11.20"]
[SourceVersion "1"]
[SourceVersionDate "2013.11.20"]
[SourceQuality "1"]

1. e4 c5 2. Nf3 d6 3. d4 cxd4 4. Nxd4 Nf6 5. Nc3 a6 6. Be2 e5 7. Nb3 Be7 8. 0-0 0-0 9. Kh1 Nbd7 10. a4 b6 11. Be3 Bb7 12. f3 Rc8 13. Qd2 Qc7 14. Rfd1 Rfd8 15. Qe1 d5 16. exd5 Bb4 17. Rd3 Qb8 18. Rad1 Qa8 19. Bg5 h6 20. Bh4 g5 21. Bg3 Bxd5 22. Bf1 e4 23. fxe4 Bxe4 24. R3d2 Re8 25. Qf2 Bc6 26. Qf5 Bxc3 27. bxc3 Be4 28. Qh3 Ne5 29. Qxh6 Bg6 30. Bxe5 Rxe5 31. Rd6 Nd5 32. Nd4 Nf4 33. Nf3 Be4 34. Nxe5 Bxg2+ 35. Kg1 Nh3+ 36. Qxh3 Bxh3 37. Bxh3 Re8 38. Nc6 Qb7 39. Bg2 Qc7 40. Rd8 Rxd8 41. Rxd8+ Kg7 42. Rd4 Qc8 43. Rd3 Qg4 44. Nd4 Qf4 45. Rf3 Qc1+ 46. Kf2 Qa3 47. Rg3 Kf6 48. Bc6 Qd6 49. Be4 Qe5 50. Ke3 Kg7 51. Kd3 Kf8 52. c4 Qd6 53. Rxg5 Qa3+ 54. Kd2 Qxa4 55. Bd5 Qb4+ 56. Kd3 Qa3+ 57. Ke4 Qe7+ 58. Re5 Qh4+ 59. Kd3 Qxh2 60. Rf5 Qg3+ 61. Kd2 Qh2+ 62. Kc3 Qh3+ 63. Rf3 Qh6 64. Rxf7+ Ke8 65. Nf5 Qh3+ 66. Kb2 Kd8 67. Bc6 Qh8+ 68. Ka2 Kc8 69. Nd6+ 1-0

[Event "Bogota Students-ch 22th"]
[Site "Bogota"]
[Date "2013.11.05"]
[Round "6"]
[White "Reyes Rios, Juan Camilo"]
[Black "Arias, Juan Camilo"]
[Result "1-0"]
[WhiteElo "2015"]
[BlackElo "1681"]
[PlyCount "37"]
[EventDate "2013.11.03"]
[EventType "swiss"]
[EventRounds "6"]
[EventCountry "COL"]
[SourceTitle "EXT 2014"]
[Source "ChessBase"]
[SourceDate "2013.11.20"]
[SourceVersion "1"]
[SourceVersionDate "2013.11.20"]
[SourceQuality "1"]

1. e4 e5 2. Nc3 Nf6 3. f4 d5 4. fxe5 Nxe4 5. d3 Nxc3 6. bxc3 Nc6 7. Nf3 Be7 8. Be2 0-0 9. 0-0 f6 10. exf6 Rxf6 11. Rb1 Rg6 12. Kh1 b6 13. d4 Bd6 14. Bd3 Rg4 15. h3 Rg3 16. Ne5 Nxe5 17. dxe5 Bxe5 18. Qh5 Rxd3 19. Qf7+ 1-0

[Event "Medellin Flores op 19th"]
[Site "Medellin"]
[Date "2013.08.07"]
[Round "9"]
[White "Gutierrez, Ramon"]
[Black "Reyes Rios, Juan Camilo"]
[Result "1-0"]
[WhiteElo "2164"]
[BlackElo "2022"]
[PlyCount "69"]
[EventDate "2013.08.03"]
[EventType "swiss"]
[EventRounds "9"]
[EventCountry "COL"]
[SourceTitle "CBM 155 Extra"]
[Source "ChessBase"]
[SourceDate "2013.08.26"]
[SourceVersion "1"]
[SourceVersionDate "2013.08.26"]
[SourceQuality "1"]

1. e4 c5 2. Nf3 d6 3. d4 cxd4 4. Nxd4 Nf6 5. Nc3 a6 6. Bg5 e6 7. f4 Qb6 8. Qd2 Nc6 9. 0-0-0 Nxd4 10. Qxd4 Qxd4 11. Rxd4 h6 12. Bh4 Be7 13. Be2 g5 14. fxg5 Nd7 15. Bg3 hxg5 16. Bxd6 Bxd6 17. Rxd6 Ke7 18. Rd2 b5 19. a3 Bb7 20. h3 Ne5 21. Rhd1 Rac8 22. Rd4 Rc7 23. R1d2 Rhc8 24. Kb1 Rd7 25. Rxd7+ Nxd7 26. Kc1 Nc5 27. Bf3 Rc7 28. Re2 Nd7 29. Nd1 Nc5 30. Ne3 Nd3+ 31. Kb1 Nf4 32. Rd2 Rc5 33. Rd4 f6 34. Kc1 Ng6 35. Kd2 1-0

[Event "Medellin Flores op 19th"]
[Site "Medellin"]
[Date "2013.08.05"]
[Round "5"]
[White "Reyes Rios, Juan Camilo"]
[Black "Montoya Diaz, Cesar Augusto"]
[Result "0-1"]
[WhiteElo "2022"]
[BlackElo "2119"]
[PlyCount "70"]
[EventDate "2013.08.03"]
[EventType "swiss"]
[EventRounds "9"]
[EventCountry "COL"]
[SourceTitle "CBM 155 Extra"]
[Source "ChessBase"]
[SourceDate "2013.08.26"]
[SourceVersion "1"]
[SourceVersionDate "2013.08.26"]
[SourceQuality "1"]

1. e4 e5 2. Nc3 c6 3. f4 Bb4 4. Nf3 exf4 5. d4 Nf6 6. e5 Nd5 7. Bd2 Bxc3 8. bxc3 d6 9. c4 Ne3 10. Bxe3 fxe3 11. Be2 Qa5+ 12. Kf1 dxe5 13. Nxe5 Nd7 14. Ng4 Nf6 15. Nxf6+ gxf6 16. Qd3 Qg5 17. Bf3 Bf5 18. Qa3 Qf4 19. Re1 Qxd4 20. Rxe3+ Be6 21. Kf2 0-0-0 22. c5 Qh4+ 23. g3 Rd2+ 24. Be2 Qd4 25. Qc3 Qxc3 26. Rxc3 Bg4 27. Re1 Re8 28. Re3 Re5 29. Rxe5 fxe5 30. h3 Bxe2 31. Rxe2 Rxe2+ 32. Kxe2 f5 33. Ke3 h5 34. c4 b6 35. a4 bxc5 0-1

[Event "Medellin Flores op 19th"]
[Site "Medellin"]
[Date "2013.08.04"]
[Round "2"]
[White "Reyes Rios, Juan Camilo"]
[Black "Valenzuela, Juan Camilo"]
[Result "1-0"]
[WhiteElo "2022"]
[BlackElo "1371"]
[PlyCount "43"]
[EventDate "2013.08.03"]
[EventType "swiss"]
[EventRounds "9"]
[EventCountry "COL"]
[SourceTitle "CBM 155 Extra"]
[Source "ChessBase"]
[SourceDate "2013.08.26"]
[SourceVersion "1"]
[SourceVersionDate "2013.08.26"]
[SourceQuality "1"]

1. e4 e5 2. Nc3 Nf6 3. f4 d6 4. Nf3 Nc6 5. Bb5 exf4 6. d4 Bd7 7. Bxf4 Ne7 8. Bd3 Ng6 9. Bg5 h6 10. Bd2 Bc6 11. Qe2 Qe7 12. h4 Rg8 13. h5 Nh8 14. e5 dxe5 15. dxe5 Bxf3 16. gxf3 Nd7 17. Bh7 Nxe5 18. 0-0-0 0-0-0 19. Bxg8 Rd6 20. f4 Rb6 21. Qxe5 Qa3 22. Qe8# 1-0

[Event "Medellin Region IRT op"]
[Site "Medellin"]
[Date "2013.05.19"]
[Round "6"]
[White "Zapata Cuartas, Juan Carlos"]
[Black "Reyes Rios, Juan Camilo"]
[Result "0-1"]
[WhiteElo "2115"]
[BlackElo "2010"]
[PlyCount "72"]
[EventDate "2013.05.16"]
[EventType "swiss"]
[EventRounds "7"]
[EventCountry "COL"]
[SourceTitle "CBM 154 Extra"]
[Source "ChessBase"]
[SourceDate "2013.06.25"]
[SourceVersion "2"]
[SourceVersionDate "2013.06.25"]
[SourceQuality "1"]

1. d4 c5 2. d5 Nf6 3. c4 g6 4. Nc3 Bg7 5. e4 d6 6. Nf3 0-0 7. Be2 Bg4 8. Ng1 Bd7 9. Bf3 Na6 10. Nge2 Nc7 11. 0-0 a6 12. Re1 b5 13. e5 Nfe8 14. e6 Bc8 15. exf7+ Rxf7 16. Nf4 Rb8 17. Ne6 Nxe6 18. dxe6 Rf8 19. cxb5 axb5 20. a4 bxa4 21. Rxa4 Nc7 22. Ra7 Rb6 23. h3 Ra6 24. Rxa6 Bxa6 25. Bg5 Bf6 26. Bd2 Qb8 27. Qc2 Bb7 28. Be2 Bd4 29. Nd1 Qa8 30. Bf1 Nd5 31. Bh6 Rf6 32. Bg5 Rf5 33. h4 Qf8 34. Bd3 Nb4 35. Qd2 Nxd3 36. Qxd3 Rxf2 0-1